19 Nisan 1993 tarihli Parti Meclisinde kabul edilen Merkez Yönetim Kurulu çalışma programı (Record no. 9269)

MARC details
000 -BAŞLIK
Sabit Uzunlukta Kontrol Alanı 01098na a2200301 4500
001 - KONTROL NUMARASI
Denetim Alanı 18387
003 - KONTROL NUMARASI IDENTIFIER
Denetim Alanı MIRAKIL
005 - SON İŞLEM TARİHİ VE ZAMANI
Denetim Alanı 20181213155241.0
008 - SABİT-BOY VERİ ELEMANLARI - GENEL BİLGİLER
Sabit Uzunlukta Kontrol Alanı 161117b tu 000 0
035 ## - SİSTEM KONTROL NUMARASI
Sistem Kontrol Numarası 18387
040 ## - KATALOGLAMA KAYNAK
Orijinal Kataloglama Ajansı Milas
Kataloglama Dili tur
Metne Dönüştürmek Ajansı TR-AnCHP
041 ## - DİL KODU
Metin / Ses Parça Veya Ayrı Başlığın Dil Kodu tur
082 ## - DEWEY ONLU SINIFLANDIRMA NUMARASI
Sınıflandırma Numarası CHP 324.2172 MYK
Ürün Numarası M36 1993
090 ## - SINIFLAMA NUMARASI
Sınıflama Numarası CHP 324.2172 MYK M36 1993
240 ## - ÜNİFORM BAŞLIK
Üniforma Başlık <a href="Merkez Yönetim Kurulu çalışma programı">Merkez Yönetim Kurulu çalışma programı</a>
245 ## - BAŞLIK TABLOSU
Başlık 19 Nisan 1993 tarihli Parti Meclisinde kabul edilen Merkez Yönetim Kurulu çalışma programı
246 ## - UNVAN FORM VARYING
Başlık Doğru / Kısa Başlığı Merkez Yönetim Kurulu çalışma programı
260 ## - YAYIN, DAĞITIM, VB
Yayın, Dağıtım, Vb Yeri Ankara
Yayıncı, Dağıtıcı, Vs Adı [CHP]
Yayın, Dağıtım, Vb Tarihi 1993
300 ## - FİZİKSEL TANIM
Kapsam 63 s.
Diğer Fiziksel Ayrıntıları tbl.
Boyutlar 19 sm.
490 ## - SERİSİ TABLOSU
Seri Beyanı Cumhuriyet Halk Partisi Merkez Yönetim Kurulu yayınları
505 ## - BİÇİMLENDİRİLDİ İÇİNDEKİLER NOT
Biçimlendirilmiş İçeriği Dikkat Merkez Yönetim Kurulu çalışma programı = Kurultay kararları
610 ## - KONU KATMA GİRİŞ - TOPLANTI ADI
Giriş Elemanı Olarak Kurumsal Ad Veya Yargı Alanı Adı CHP MYK
Genel Alt Bölüm Çalışma raporları
610 ## - KONU KATMA GİRİŞ - TOPLANTI ADI
Giriş Elemanı Olarak Kurumsal Ad Veya Yargı Alanı Adı Cumhuriyet Halk Partisi (CHP)
Alt Birim Merkez Yönetim Kurulu ( MYK)
Genel Alt Bölüm Programlar, 1993
740 ## - KATMA GİRİŞ - KONTROLSUZ İLGİLİ / ANALİTİK BAŞLIK
Kontrol Edilmeyen / İlgili Analitik Başlıktaki CHP Kurultay kararları
740 ## - KATMA GİRİŞ - KONTROLSUZ İLGİLİ / ANALİTİK BAŞLIK
Kontrol Edilmeyen / İlgili Analitik Başlıktaki Merkez Yönetim Kurulu çalışma programı
830 ## - SERİSİ EKLENDİ GİRİŞ - ÜNİFORM ADI
Üniforma Başlık CHP yayınları
942 ## - EKLENDİ GİRİŞ ELEMANLARI (KOHA)
Sınıflandırma Veya Raf Düzeni Kaynak Dewey Decimal Classification
Koha Öğesi Türü Books
999 ## - SİSTEM KONTROL NUMARALARI (KOHA)
Koha Biblionumber 9269
Koha Biblioitemnumber 9269
Holdings
Kalıcı Konum Mevcut Konum Edinme Tarihi Edinim Kaynak Toplam Check-Out'Lar Tam Çağrı Numarası Barkod Tarih Son Görülme İtibaren Geçerli Fiyatlar Koha Öğesi Türü Kopya Sayısı
CHP Kütüphanesi CHP Kütüphanesi 11/17/2016 Bağış   CHP 324.2172 MYK M36 1993 010029 11/17/2016 11/17/2016 Books  
CHP Kütüphanesi CHP Kütüphanesi 11/17/2016 Bağış   CHP 324.2172 MYK M36 1993 010030 11/17/2016 11/17/2016 Books k.2
CHP Kütüphanesi CHP Kütüphanesi 11/17/2016 Bağış   CHP 324.2172 MYK M36 1993 010031 11/17/2016 11/17/2016 Books k.3